[Event "Contrecoeur op U1600"]
[Site "Contrecoeur CAN"]
[Date "2019.11.02"]
[Round "3.4"]
[White "Bergeron, Jean-Guy"]
[Black "Camire, Pierre"]
[Result "0-1"]
[WhiteElo "1461"]
[BlackElo "1326"]
[PlyCount "123"]
[EventDate "2019.11.01"]
[EventType "swiss"]
[EventRounds "5"]
[EventCountry "CAN"]

1. c4 f5 2. d4 e6 3. Nc3 Nf6 4. Bg5 Be7 5. Bxf6 Bxf6 6. e4 O-O 7. e5 Be7 8. Nf3
d6 9. Be2 Nc6 10. O-O dxe5 11. dxe5 b6 12. Re1 a6 13. a3 Bb7 14. b4 Qxd1 15.
Raxd1 Rad8 16. b5 Nb8 17. Nd4 Kf7 18. bxa6 Nxa6 19. Ncb5 c6 20. Bf3 cxb5 21.
Bxb7 Nc5 22. Bc6 bxc4 23. Nb5 Rxd1 24. Rxd1 Nd3 25. Nd6+ Bxd6 26. exd6 Rd8 27.
d7 Nc5 28. Bb5 Ke7 29. Bxc4 Rxd7 30. Re1 Rd6 31. f3 Rd4 32. Bb5 Kd6 33. Rb1 Kc7
34. Rc1 Rd2 35. Bc4 Kd6 36. Rb1 Kc6 37. Rc1 e5 38. Be6 f4 39. Bf5 g6 40. Be6
Kd6 41. Bg8 h6 42. Rb1 Na4 43. Bf7 g5 44. Be8 Nb2 45. h3 Rd1+ 46. Rxd1+ Nxd1
47. Kh2 Ne3 48. g3 Kc5 49. g4 Kd4 50. Bc6 Kc5 51. Be4 Nc4 52. a4 Kb4 53. Bc2
Nb2 54. Kg2 Nxa4 55. Kf2 Nc5 56. Ke2 Kc3 57. Bb1 b5 58. Kd1 b4 59. Kc1 Nd3+ 60.
Kd1 b3 61. Ke2 Nb2 62. Bf5 0-1

[Event "Contrecoeur op U1600"]
[Site "Contrecoeur CAN"]
[Date "2019.11.02"]
[Round "3.5"]
[White "Straehl, Patrick"]
[Black "Menard, Marc"]
[Result "1/2-1/2"]
[WhiteElo "1430"]
[BlackElo "1368"]
[PlyCount "104"]
[EventDate "2019.11.01"]
[EventType "swiss"]
[EventRounds "5"]
[EventCountry "CAN"]

1. d4 Nf6 2. c4 e6 3. Nc3 d5 4. Bg5 Bb4 5. e3 h6 6. Bh4 c5 7. dxc5 Nc6 8. Nf3
O-O 9. Qc2 dxc4 10. Rd1 Qe7 11. Bxc4 g5 12. Bg3 Qxc5 13. Bb3 Nd5 14. Bxd5 exd5
15. O-O Be6 16. Qd3 Rad8 17. Nb5 Qe7 18. Rc1 a6 19. Nbd4 Rc8 20. Rc2 Bd6 21.
Bxd6 Qxd6 22. Rfc1 Nb4 23. Qa3 Rxc2 24. Rxc2 Rd8 25. Rc3 Nc6 26. Qb3 Nxd4 27.
Nxd4 b5 28. Qc2 Bd7 29. Rc7 Qb4 30. Kf1 Qd6 31. Nc6 Bxc6 32. Rxc6 Qxh2 33. Qf5
Qh1+ 34. Ke2 d4 35. Rc7 Qh5+ 36. g4 Qg6 37. Qxg6+ fxg6 38. exd4 Rxd4 39. f3 h5
40. gxh5 gxh5 41. Rc5 g4 42. Ke3 Rc4 43. Rxh5 gxf3 44. Rh2 Kf7 45. Kxf3 Ke7 46.
Rd2 Ke6 47. b3 Rc1 48. Ke4 Re1+ 49. Kd4 Kd6 50. b4 Re5 51. Kc3+ Rd5 52. Rg2 Kc6
1/2-1/2

[Event "Contrecoeur op U1600"]
[Site "Contrecoeur CAN"]
[Date "2019.11.02"]
[Round "3.6"]
[White "Perron, Bernard"]
[Black "Ilustrisimo, Alfredo jr"]
[Result "0-1"]
[WhiteElo "1186"]
[BlackElo "1577"]
[PlyCount "36"]
[EventDate "2019.11.01"]
[EventType "swiss"]
[EventRounds "5"]
[EventCountry "CAN"]

1. e4 Nf6 2. Nc3 e5 3. Nf3 Nc6 4. d4 exd4 5. Nxd4 Nxd4 6. Qxd4 d6 7. Be2 Be7 8.
Bf4 O-O 9. h3 Be6 10. Qe3 Re8 11. Qg3 Kh8 12. b3 c6 13. Rd1 Qa5 14. Bxd6 Nxe4
15. Qxg7+ Kxg7 16. b4 Qf5 17. Nxe4 Qxe4 18. Rd3 Bxd6 0-1

[Event "Contrecoeur op U1600"]
[Site "Contrecoeur CAN"]
[Date "2019.11.02"]
[Round "3.7"]
[White "Villeneuve, Denis"]
[Black "Soskic, Milan"]
[Result "1-0"]
[WhiteElo "1427"]
[BlackElo "1197"]
[PlyCount "59"]
[EventDate "2019.11.01"]
[EventType "swiss"]
[EventRounds "5"]
[EventCountry "CAN"]

1. e4 c5 2. Nf3 d6 3. c3 a6 4. d4 cxd4 5. cxd4 b5 6. Be2 Bb7 7. Qd3 e6 8. a3
Nf6 9. Nc3 Be7 10. O-O Nbd7 11. h3 e5 12. Be3 O-O 13. Rac1 Rc8 14. Rfd1 exd4
15. Bxd4 Nc5 16. Bxc5 dxc5 17. Qe3 Qc7 18. e5 Nd7 19. e6 Nf6 20. Ng5 Bd8 21.
Rxd8 Rcxd8 22. e7 Rfe8 23. exd8=Q Qxd8 24. Qxc5 Nd5 25. Nge4 Nf4 26. Bf3 Bxe4
27. Nxe4 Rxe4 28. Rd1 Qe8 29. Bxe4 h6 30. Bf3 1-0

[Event "Contrecoeur op U1600"]
[Site "Contrecoeur CAN"]
[Date "2019.11.02"]
[Round "3.8"]
[White "Courtemanche, Sylvain"]
[Black "Jiha, Yussuf"]
[Result "1-0"]
[WhiteElo "1414"]
[BlackElo "1200"]
[PlyCount "116"]
[EventDate "2019.11.01"]
[EventType "swiss"]
[EventRounds "5"]
[EventCountry "CAN"]

1. e4 e5 2. Nf3 Nc6 3. Bb5 Nf6 4. d3 h6 5. Bxc6 dxc6 6. Nxe5 Bc5 7. Qe2 O-O 8.
O-O Bd4 9. Nf3 Bg4 10. c3 Bb6 11. Be3 Bxe3 12. Qxe3 Re8 13. Nfd2 Qe7 14. f3 Bd7
15. Qf2 Rad8 16. Qxa7 Bc8 17. d4 b6 18. Qa3 c5 19. dxc5 bxc5 20. Nc4 Be6 21.
Nbd2 Nd7 22. b3 Bxc4 23. Nxc4 Nb6 24. Rfd1 Nxc4 25. bxc4 Qg5 26. Rd5 Rxd5 27.
cxd5 Qe3+ 28. Kh1 f5 29. Qb3 Kh7 30. c4 Qxb3 31. axb3 fxe4 32. Re1 e3 33. h3 e2
34. Kg1 Re3 35. Kf2 Rxb3 36. Rxe2 Rc3 37. Re4 Kg6 38. Rg4+ Kf6 39. Kg3 g5 40.
h4 Kf5 41. hxg5 hxg5 42. Kf2 Ke5 43. Rxg5+ Kd4 44. Rg4+ Kd3 45. Rg7 Kxc4 46.
Rxc7 Kxd5 47. g4 Kd4 48. g5 Rb3 49. Kg3 c4 50. g6 Rb6 51. g7 Rg6+ 52. Kf4 Kd3
53. Kf5 Rg1 54. f4 c3 55. Kf6 Kd2 56. Kf7 c2 57. Rxc2+ Kxc2 58. g8=Q Rxg8 1-0

[Event "Contrecoeur op U1600"]
[Site "Contrecoeur CAN"]
[Date "2019.11.02"]
[Round "3.9"]
[White "Lauzon, Francois"]
[Black "Breton, Jules"]
[Result "1-0"]
[WhiteElo "1144"]
[BlackElo "1317"]
[PlyCount "115"]
[EventDate "2019.11.01"]
[EventType "swiss"]
[EventRounds "5"]
[EventCountry "CAN"]

1. d4 d5 2. c4 e6 3. Nf3 h6 4. Nc3 Nf6 5. Bf4 Bb4 6. Qc2 c5 7. Bd2 Nc6 8. e3 a6
9. a3 Bxc3 10. bxc3 Qe7 11. Be2 dxc4 12. Bxc4 b5 13. Be2 c4 14. O-O O-O 15. Ne5
Bb7 16. Bf3 Rfc8 17. Nxc6 Bxc6 18. e4 Nh7 19. Rfe1 e5 20. d5 Be8 21. Be3 Qd6
22. Qd2 a5 23. Bg4 Rcb8 24. Kh1 Ra6 25. f4 Rd8 26. fxe5 Qb8 27. Bf4 g5 28. Bg3
Qb6 29. Rf1 b4 30. Bf2 Qb7 31. axb4 axb4 32. Rxa6 Qxa6 33. cxb4 c3 34. Qxc3
Qxf1+ 35. Bg1 Ra8 36. d6 Nf8 37. h3 Bd7 38. Bxd7 Nxd7 39. Kh2 Qb5 40. Bd4 Nf8
41. e6 Nxe6 42. Bf6 Qb7 43. Qc4 Rc8 44. Qe2 Ng7 45. e5 Qxb4 46. d7 Qf4+ 47. g3
Qc4 48. Qxc4 Rxc4 49. d8=Q+ Kh7 50. Qd3+ Kg8 51. Qxc4 Ne6 52. Qc8+ Kh7 53. h4
Kg6 54. Qg8+ Kf5 55. Qxf7 Nd4 56. Bg7+ Kg4 57. Qd7+ Ne6 58. Qd1+ 1-0

[Event "Contrecoeur op U1600"]
[Site "Contrecoeur CAN"]
[Date "2019.11.02"]
[Round "3.10"]
[White "Dubois, Lise"]
[Black "Cormier, Benoit"]
[Result "0-1"]
[WhiteElo "1310"]
[BlackElo "1284"]
[PlyCount "100"]
[EventDate "2019.11.01"]
[EventType "swiss"]
[EventRounds "5"]
[EventCountry "CAN"]

1. d4 Nf6 2. c4 e6 3. Nc3 Bb4 4. Bd2 O-O 5. Nf3 b6 6. e3 Bb7 7. Bd3 d5 8. a3
Bxc3 9. Bxc3 Nbd7 10. O-O Rc8 11. b4 c5 12. Rb1 cxd4 13. Bxd4 dxc4 14. Be2 Re8
15. Rc1 e5 16. Ba1 b5 17. a4 a6 18. a5 Qe7 19. Bc3 Bxf3 20. Bxf3 e4 21. Be2 Ne5
22. Qd4 Rcd8 23. Qb6 Rd6 24. Qc5 Nd3 25. Bxd3 exd3 26. Bd4 Ne4 27. Qf5 Qg5 28.
Qh3 Rc6 29. f4 Qd5 30. Qf3 Rd8 31. Qg4 Rg6 32. Qh4 Rh6 33. Qg4 Nf6 34. Qg3 Rg6
35. Qf2 Ng4 36. Qd2 Re8 37. f5 Rh6 38. h3 Nf6 39. Rf3 Ne4 40. Qb2 f6 41. g4 c3
42. Bxc3 Nxc3 43. Rf2 Ne2+ 44. Rxe2 dxe2 45. Qxe2 Rxh3 46. Qg2 Qxg2+ 47. Kxg2
Rhxe3 48. Rf1 Re2+ 49. Rf2 Rxf2+ 50. Kxf2 Re4 0-1

[Event "Contrecoeur op U1600"]
[Site "Contrecoeur CAN"]
[Date "2019.11.02"]
[Round "3.11"]
[White "Arcand, Pierre"]
[Black "Laforest, Claude"]
[Result "0-1"]
[WhiteElo "1194"]
[BlackElo "1300"]
[PlyCount "90"]
[EventDate "2019.11.01"]
[EventType "swiss"]
[EventRounds "5"]
[EventCountry "CAN"]

1. e4 c5 2. Nf3 Nc6 3. Nc3 e6 4. Bb5 a6 5. Bxc6 bxc6 6. b3 d5 7. exd5 cxd5 8.
O-O Nf6 9. d3 Bd6 10. Bg5 h6 11. Bd2 O-O 12. Re1 Re8 13. Ne5 Qc7 14. Qe2 Bb7
15. Ng4 Nxg4 16. Qxg4 g5 17. g3 f5 18. Qh3 Qg7 19. Qf1 Re7 20. Re2 e5 21. Rae1
d4 22. Nb1 Bf3 23. c3 Bxe2 24. Rxe2 Rae8 25. cxd4 cxd4 26. Qe1 e4 27. Bb4 Bxb4
28. Qxb4 Kh8 29. dxe4 Rxe4 30. Rxe4 Rxe4 31. Nd2 Re2 32. Qa5 f4 33. Nf3 g4 34.
Qd8+ Kh7 35. Qxd4 Qxd4 36. Nxd4 Re1+ 37. Kg2 f3+ 38. Nxf3 gxf3+ 39. Kxf3 Ra1
40. Kg4 Rxa2 41. f4 Rxh2 42. Kf5 Kg7 43. g4 Rb2 44. g5 hxg5 45. fxg5 Rxb3 0-1

[Event "Contrecoeur op U1600"]
[Site "Contrecoeur CAN"]
[Date "2019.11.02"]
[Round "3.12"]
[White "Dion, Yves"]
[Black "Corriveau, Guillaume"]
[Result "1-0"]
[WhiteElo "1349"]
[BlackElo "1203"]
[PlyCount "101"]
[EventDate "2019.11.01"]
[EventType "swiss"]
[EventRounds "5"]
[EventCountry "CAN"]

1. d4 Nf6 2. c4 e6 3. Nc3 Bb4 4. Nf3 d5 5. g3 Ne4 6. Bd2 Nxd2 7. Qxd2 O-O 8. a3
Be7 9. cxd5 exd5 10. Bg2 c5 11. O-O Nc6 12. dxc5 Bxc5 13. b4 Bb6 14. e3 Bg4 15.
Nd4 Nxd4 16. exd4 Qf6 17. Nxd5 Qxd4 18. Qg5 Be2 19. Nxb6 Qxb6 20. Rfe1 Rfe8 21.
Qf4 Rad8 22. Be4 Bb5 23. Rac1 Rd4 24. Rc7 Bd7 25. Rxd7 Rxd7 26. Bxh7+ Kf8 27.
Rxe8+ Kxe8 28. Be4 Rd4 29. Qe5+ Kf8 30. Kg2 Rd2 31. Qf4 Qd4 32. Qf3 b6 33. b5
Qb2 34. a4 Qd4 35. Bc6 Qxa4 36. Qe3 Rd8 37. Qe5 a6 38. Qc7 Rd4 39. Qxb6 axb5
40. Qb8+ Ke7 41. Qe8+ Kf6 42. Bxb5 Qa7 43. h4 Qe7 44. Qc6+ Rd6 45. Qf3+ Kg6 46.
Bd3+ Kh6 47. Qf4+ Kh5 48. Qf5+ g5 49. hxg5 Qxg5 50. Qh3+ Qh4 51. Qxh4# 1-0

[Event "Contrecoeur op U1600"]
[Site "Contrecoeur CAN"]
[Date "2019.11.03"]
[Round "4.1"]
[White "Laporte, Michel"]
[Black "Chouinard, Marc"]
[Result "1-0"]
[WhiteElo "1460"]
[BlackElo "1593"]
[PlyCount "117"]
[EventDate "2019.11.01"]
[EventType "swiss"]
[EventRounds "5"]
[EventCountry "CAN"]

1. d4 Nf6 2. c4 d6 3. Nc3 Nbd7 4. g3 e5 5. Bg2 c6 6. b3 Be7 7. Bb2 O-O 8. Qd3
Qc7 9. d5 cxd5 10. Nxd5 Nxd5 11. Qxd5 Nf6 12. Qd2 Rb8 13. e3 b6 14. Ne2 Bb7 15.
O-O Bxg2 16. Kxg2 Qb7+ 17. Kg1 Rbc8 18. Nc3 Rfd8 19. Rfd1 a6 20. Nd5 Nxd5 21.
Qxd5 Qxd5 22. Rxd5 f6 23. Rad1 Rc5 24. Rc1 Rdc8 25. Rcd1 Rxd5 26. Rxd5 Rc5 27.
Rd3 Kf7 28. Ba3 Rc6 29. g4 Ke6 30. Kg2 b5 31. e4 bxc4 32. Rc3 Bd8 33. Rxc4 Rxc4
34. bxc4 Bb6 35. Bb4 Bc5 36. Ba5 g6 37. f3 Bd4 38. h4 Kd7 39. Kg3 Be3 40. h5
Ke6 41. hxg6 hxg6 42. Kg2 f5 43. Kf1 fxg4 44. Ke2 Bc5 45. fxg4 Kf6 46. Bd8+ Ke6
47. Kd3 Kd7 48. Ba5 Ke6 49. Kc3 Kf6 50. Bd8+ Ke6 51. Kb3 Kd7 52. Ba5 Kc6 53.
Bb4 g5 54. Bd2 Kd7 55. Ka4 Bb6 56. Bxg5 Ke6 57. Bd2 Kf7 58. Ba5 Bc5 59. Bc7 1-0

[Event "Contrecoeur op U1600"]
[Site "Contrecoeur CAN"]
[Date "2019.11.03"]
[Round "4.2"]
[White "Despres, Alain"]
[Black "Camire, Pierre"]
[Result "1-0"]
[WhiteElo "1455"]
[BlackElo "1326"]
[PlyCount "87"]
[EventDate "2019.11.01"]
[EventType "swiss"]
[EventRounds "5"]
[EventCountry "CAN"]

1. d4 f5 2. c4 Nf6 3. Nc3 e6 4. Nf3 Be7 5. Qc2 c6 6. e4 fxe4 7. Nxe4 O-O 8. Bd3
h6 9. Ne5 Nxe4 10. Bxe4 Bb4+ 11. Ke2 Rf6 12. Ng4 Rf7 13. Bg6 Rf8 14. Bh7+ Kh8
15. Bg6 Bd6 16. g3 Be7 17. h4 Bf6 18. Qd2 d5 19. Nxh6 Qd7 20. Ng4 dxc4 21. Nxf6
Rxf6 22. Qg5 Qd5 23. Qxd5 cxd5 24. h5 Nc6 25. Be3 e5 26. dxe5 Nxe5 27. Bd4 Re6
28. Bxe5 Rxe5+ 29. Kd2 Bg4 30. Rae1 Re6 31. Rxe6 Bxe6 32. Re1 Bd7 33. Re7 Bc6
34. Ke3 Kg8 35. f4 Kf8 36. Rc7 a5 37. f5 Rb8 38. g4 Rd8 39. Kd4 a4 40. a3 Ra8
41. g5 Ra6 42. f6 gxf6 43. gxf6 Rb6 44. Rc8+ 1-0

[Event "Contrecoeur op U1600"]
[Site "Contrecoeur CAN"]
[Date "2019.11.03"]
[Round "4.3"]
[White "Ilustrisimo, Alfredo jr"]
[Black "Lauzon, Francois"]
[Result "1-0"]
[WhiteElo "1577"]
[BlackElo "1144"]
[PlyCount "55"]
[EventDate "2019.11.01"]
[EventType "swiss"]
[EventRounds "5"]
[EventCountry "CAN"]

1. d4 Nf6 2. c4 c5 3. e3 cxd4 4. exd4 e6 5. Nf3 b6 6. Be2 Bb7 7. O-O d5 8. Nc3
h6 9. Ne5 Nbd7 10. cxd5 exd5 11. Bb5 a6 12. Re1 Be7 13. Bc6 Qc8 14. Nxd5 Kf8
15. Nxe7 Qc7 16. Bxb7 Kxe7 17. Nc6+ Kf8 18. Bxa8 g5 19. b3 Kg7 20. Qf3 Rxa8 21.
Ne5 Re8 22. Bb2 h5 23. Nxd7 Qxd7 24. d5 Rxe1+ 25. Rxe1 Qd6 26. Qxf6+ Qxf6 27.
Bxf6+ Kxf6 28. d6 1-0

[Event "Contrecoeur op U1600"]
[Site "Contrecoeur CAN"]
[Date "2019.11.03"]
[Round "4.4"]
[White "Villeneuve, Denis"]
[Black "Pinsonneault, Marc"]
[Result "1/2-1/2"]
[WhiteElo "1427"]
[BlackElo "1492"]
[PlyCount "84"]
[EventDate "2019.11.01"]
[EventType "swiss"]
[EventRounds "5"]
[EventCountry "CAN"]

1. e4 c5 2. Nf3 e6 3. c3 Nf6 4. e5 Nd5 5. d4 cxd4 6. cxd4 d6 7. Nc3 dxe5 8.
dxe5 Bb4 9. Bd2 Nxc3 10. Bxc3 Bxc3+ 11. bxc3 Qa5 12. Qb3 O-O 13. Qb4 Qc7 14.
Rc1 Rd8 15. Qe4 Bd7 16. Bd3 g6 17. O-O Bc6 18. Qe3 Nd7 19. Rfe1 Bxf3 20. gxf3
Nc5 21. Bb1 Rd7 22. Red1 Rad8 23. Rxd7 Rxd7 24. h4 b6 25. h5 Qd8 26. hxg6 hxg6
27. Qh6 Qf8 28. Qg5 Qg7 29. Kg2 Nd3 30. Bxd3 Rxd3 31. f4 Qf8 32. c4 Qa8+ 33.
Kg1 Rh3 34. Qg2 Qxg2+ 35. Kxg2 Ra3 36. Rc2 Ra4 37. Kg3 Ra5 38. Rb2 Rc5 39. Rb4
Kg7 40. Kg4 Ra5 41. Rb2 Rc5 42. Rb4 Ra5 1/2-1/2

[Event "Contrecoeur op U1600"]
[Site "Contrecoeur CAN"]
[Date "2019.11.03"]
[Round "4.5"]
[White "Courtemanche, Sylvain"]
[Black "Straehl, Patrick"]
[Result "0-1"]
[WhiteElo "1414"]
[BlackElo "1430"]
[PlyCount "28"]
[EventDate "2019.11.01"]
[EventType "swiss"]
[EventRounds "5"]
[EventCountry "CAN"]

1. e4 c5 2. Nf3 d6 3. d4 cxd4 4. Nxd4 Nf6 5. Nc3 a6 6. Be3 e6 7. f3 b5 8. g4
Be7 9. Qd2 Bb7 10. O-O-O d5 11. e5 Nfd7 12. f4 Nc6 13. Nxc6 Bxc6 14. Ne2 d4 0-1

[Event "Contrecoeur op U1600"]
[Site "Contrecoeur CAN"]
[Date "2019.11.03"]
[Round "4.6"]
[White "Menard, Marc"]
[Black "Forgues, Eric"]
[Result "0-1"]
[WhiteElo "1368"]
[BlackElo "1595"]
[PlyCount "84"]
[EventDate "2019.11.01"]
[EventType "swiss"]
[EventRounds "5"]
[EventCountry "CAN"]

1. e4 e5 2. Nf3 Nf6 3. Nc3 d6 4. Bc4 h6 5. O-O Nc6 6. Re1 Be7 7. d4 Bg4 8. d5
Nd4 9. Be2 Nxe2+ 10. Qxe2 O-O 11. h3 Bd7 12. b3 Nh7 13. Bb2 f5 14. Nd2 f4 15.
Qc4 a6 16. b4 Ng5 17. h4 Nh7 18. Nf3 Rc8 19. Nxe5 Bxh4 20. Ng6 Rf7 21. e5 Rf5
22. e6 Be8 23. e7 Bxf2+ 24. Kxf2 Qd7 25. Nxf4 g5 26. Qd4 Rxf4+ 27. Qxf4 gxf4
28. Ne4 Qg4 29. Rh1 h5 30. Rh3 Bg6 31. Re1 Kf7 32. Rf3 Qh4+ 33. g3 Qh2+ 34. Kf1
Kxe7 35. Rxf4 Rf8 36. Nf6+ Kd8 37. Nxh7 Rxf4+ 38. gxf4 Qxf4+ 39. Kg1 Bxh7 40.
a3 Be4 41. Bf6+ Qxf6 42. Rxe4 Qg6+ 0-1

[Event "Contrecoeur op U1600"]
[Site "Contrecoeur CAN"]
[Date "2019.11.03"]
[Round "4.7"]
[White "Brule, Daniel"]
[Black "Laforest, Claude"]
[Result "0-1"]
[WhiteElo "1462"]
[BlackElo "1300"]
[PlyCount "106"]
[EventDate "2019.11.01"]
[EventType "swiss"]
[EventRounds "5"]
[EventCountry "CAN"]

1. Nf3 d5 2. d4 Bg4 3. c4 Bxf3 4. exf3 e6 5. g3 Bb4+ 6. Bd2 Bxd2+ 7. Nxd2 dxc4
8. Nxc4 Nc6 9. Qa4 Nge7 10. Rd1 Qd5 11. Ne5 Qa5+ 12. Qxa5 Nxa5 13. b4 f6 14.
Nd3 Nac6 15. Nc5 Nd8 16. Bh3 Kf7 17. O-O b6 18. Na6 c6 19. b5 Rc8 20. a4 Nd5
21. Rc1 Ke7 22. Rfe1 Kd6 23. bxc6 f5 24. c7 Nxc7 25. Nxc7 Rxc7 26. Rxc7 Kxc7
27. Rc1+ Kd6 28. f4 Nc6 29. Bg2 Nxd4 30. Rc4 Nb3 31. Rc6+ Kd7 32. Rc3 Nc5 33.
a5 Rc8 34. a6 Na4 35. Rd3+ Ke7 36. Bb7 Rc7 37. Re3 Nc5 38. Bd5 Rd7 39. Bc4 Rd6
40. f3 Rd2 41. Rc3 Rb2 42. g4 g6 43. h4 b5 44. Bf1 Kd6 45. g5 b4 46. Rc4 b3 47.
Rd4+ Kc7 48. Rb4 Rc2 49. Bc4 b2 50. Bf1 Nxa6 51. Rb3 Nc5 52. Rb4 a5 53. Rb5 a4
0-1

[Event "Contrecoeur op U1600"]
[Site "Contrecoeur CAN"]
[Date "2019.11.03"]
[Round "4.8"]
[White "Cormier, Benoit"]
[Black "Bergeron, Jean-Guy"]
[Result "0-1"]
[WhiteElo "1284"]
[BlackElo "1461"]
[PlyCount "38"]
[EventDate "2019.11.01"]
[EventType "swiss"]
[EventRounds "5"]
[EventCountry "CAN"]

1. e4 Nc6 2. d4 e5 3. Nf3 exd4 4. Nxd4 Bb4+ 5. c3 Bc5 6. Be3 Bb6 7. Nxc6 bxc6
8. Bxb6 axb6 9. Bd3 Qh4 10. O-O Nf6 11. f3 Ra5 12. Qe1 Qf4 13. Qd2 Qh4 14. Qf2
Qh6 15. Na3 Rh5 16. h3 d6 17. Nc2 Bxh3 18. Ne3 Bxg2 19. Qxg2 Qxe3+ 0-1

[Event "Contrecoeur op U1600"]
[Site "Contrecoeur CAN"]
[Date "2019.11.03"]
[Round "4.10"]
[White "Soskic, Milan"]
[Black "St-Laurent, Luc"]
[Result "1-0"]
[WhiteElo "1197"]
[BlackElo "1339"]
[PlyCount "67"]
[EventDate "2019.11.01"]
[EventType "swiss"]
[EventRounds "5"]
[EventCountry "CAN"]

1. d4 d5 2. Nf3 Nf6 3. e3 Bf5 4. b3 e6 5. a3 c5 6. Bb2 Nbd7 7. Nbd2 Bd6 8. Bd3
Bxd3 9. cxd3 O-O 10. dxc5 Bxc5 11. d4 Be7 12. O-O b5 13. Ne5 Rc8 14. Qe2 Rc2
15. Rab1 Nxe5 16. dxe5 Ne4 17. Rfd1 Qa5 18. b4 Bxb4 19. axb4 Qa2 20. Ra1 Qxb2
21. Rdb1 Qc3 22. Nxe4 dxe4 23. Qxb5 Rc8 24. Qf1 g6 25. g3 a6 26. Qxa6 Qd3 27.
b5 Qd2 28. Rf1 Qd5 29. b6 R2c6 30. b7 Rb8 31. Qa8 Qd8 32. Rfd1 Qc7 33. Qxb8+
Kg7 34. Qxc7 1-0

[Event "Contrecoeur op U1600"]
[Site "Contrecoeur CAN"]
[Date "2019.11.03"]
[Round "4.11"]
[White "Breton, Jules"]
[Black "Perron, Bernard"]
[Result "1-0"]
[WhiteElo "1317"]
[BlackElo "1186"]
[PlyCount "175"]
[EventDate "2019.11.01"]
[EventType "swiss"]
[EventRounds "5"]
[EventCountry "CAN"]

1. e4 e6 2. d4 d5 3. e5 Nc6 4. Nf3 Nge7 5. Be2 g6 6. Bg5 Bg7 7. Qd2 h6 8. Be3
a6 9. a3 Nf5 10. O-O Bd7 11. Nc3 Qe7 12. b4 O-O 13. h3 f6 14. Rab1 fxe5 15.
dxe5 Nxe3 16. fxe3 Rf7 17. Bd3 Rxf3 18. Rxf3 Nxe5 19. Rf2 Rf8 20. Rbf1 Be8 21.
Ne2 Bb5 22. Bxb5 axb5 23. Nd4 Nc4 24. Qd3 Rxf2 25. Rxf2 g5 26. Rf3 Ne5 27. Qxb5
Nxf3+ 28. Nxf3 c6 29. Qd3 Qf6 30. Nd4 e5 31. Nb3 e4 32. Qe2 Qc3 33. Kf2 Qf6+
34. Kg1 Qc3 35. Kf1 Qe5 36. Nd4 Qf6+ 37. Ke1 Qe5 38. Kd1 Qh2 39. Nf5 Qe5 40.
Nxg7 Qxg7 41. Qg4 Qf7 42. Ke2 Kg7 43. h4 Kg6 44. h5+ Kg7 45. Ke1 b5 46. Qe2 Qf6
47. Qd2 Qa1+ 48. Ke2 Qxa3 49. Qd4+ Kf7 50. Kf2 Ke7 51. Qg7+ Kd8 52. Qxh6 Qxb4
53. Qxg5+ Kc7 54. Qg7+ Kb6 55. c3 Qb2+ 56. Kg3 b4 57. Qd4+ c5 58. Qf6+ Kc7 59.
Qe7+ Kc6 60. cxb4 Qxb4 61. Qe8+ Kd6 62. Qf8+ Kc6 63. h6 Qe1+ 64. Qf2 Qh1 65.
Qf6+ Kb5 66. Qh4 Qe1+ 67. Kg4 Qe2+ 68. Kg5 Qxe3+ 69. Qf4 Qg1 70. Qg4 Qe3+ 71.
Kg6 Qd3 72. h7 e3+ 73. Kg7 e2 74. h8=Q Qc3+ 75. Kh7 Qxh8+ 76. Kxh8 e1=Q 77.
Qd7+ Kc4 78. g4 Qh4+ 79. Kg7 Qg5+ 80. Kh7 Qh4+ 81. Kg7 Qg5+ 82. Kh7 Qh5+ 83.
Kg7 Qe5+ 84. Kg6 Qe4+ 85. Kh6 Qh1+ 86. Kg7 Qa1+ 87. Kg8 Kd4 88. Qg7+ 1-0

[Event "Contrecoeur op U1600"]
[Site "Contrecoeur CAN"]
[Date "2019.11.03"]
[Round "4.12"]
[White "Corriveau, Guillaume"]
[Black "Arcand, Pierre"]
[Result "1/2-1/2"]
[WhiteElo "1203"]
[BlackElo "1194"]
[PlyCount "106"]
[EventDate "2019.11.01"]
[EventType "swiss"]
[EventRounds "5"]
[EventCountry "CAN"]

1. e4 e5 2. Nf3 Nc6 3. Bc4 h6 4. d4 exd4 5. Nxd4 d6 6. Nxc6 bxc6 7. O-O Be7 8.
Qf3 Nf6 9. e5 dxe5 10. Qxc6+ Bd7 11. Qb7 O-O 12. Be3 Qb8 13. Qb3 Qxb3 14. Bxb3
Rfb8 15. Nc3 c5 16. Bd5 Nxd5 17. Nxd5 Bd6 18. Bxc5 Bxc5 19. Nc7 Bc6 20. Nxa8
Bxa8 21. b3 Rd8 22. Rad1 Rxd1 23. Rxd1 Kh7 24. Kf1 f6 25. f3 e4 26. fxe4 Bxe4
27. c4 Kg6 28. g3 f5 29. Re1 Kg5 30. h3 h5 31. g4 hxg4 32. hxg4 Kxg4 33. Ra1
Kf3 34. a3 Bf2 35. Rd1 g5 36. Rd2 Be3 37. Rd7 g4 38. b4 g3 39. Rg7 Kf4 40. c5
g2+ 41. Rxg2 Bxg2+ 42. Kxg2 Ke4 43. Kg3 f4+ 44. Kg2 Kd5 45. Kf3 Bxc5 46. bxc5
Kxc5 47. Kxf4 a5 48. Ke5 Kc4 49. Ke4 Kb3 50. Kd3 Kxa3 51. Kc3 a4 52. Kc2 Ka2
53. Kc1 a3 1/2-1/2

[Event "Contrecoeur op U1600"]
[Site "Contrecoeur CAN"]
[Date "2019.11.03"]
[Round "5.1"]
[White "Straehl, Patrick"]
[Black "Laporte, Michel"]
[Result "0-1"]
[WhiteElo "1430"]
[BlackElo "1460"]
[PlyCount "64"]
[EventDate "2019.11.01"]
[EventType "swiss"]
[EventRounds "5"]
[EventCountry "CAN"]

1. d4 g6 2. c4 Bg7 3. Nf3 Nf6 4. Nc3 O-O 5. e4 d6 6. Bf4 Nh5 7. Bg3 Nxg3 8.
hxg3 c6 9. Qc2 e5 10. d5 c5 11. Bd3 f5 12. O-O-O f4 13. gxf4 Rxf4 14. Ne2 Rf7
15. Qd2 h5 16. Ng3 Qf8 17. Kb1 Bh6 18. Qc3 Na6 19. Rh4 Bg4 20. Be2 g5 21. Rh2
h4 22. Rdh1 Rf6 23. Nxe5 dxe5 24. Bxg4 hxg3 25. Rxh6 Rxh6 26. Be6+ Kg7 27.
Qxe5+ Qf6 28. Qxf6+ Rxf6 29. f3 Rh8 30. Rd1 Rfh6 31. Rd2 Nb4 32. a3 Rh1+ 0-1

[Event "Contrecoeur op U1600"]
[Site "Contrecoeur CAN"]
[Date "2019.11.03"]
[Round "5.2"]
[White "Chouinard, Marc"]
[Black "Ilustrisimo, Alfredo jr"]
[Result "0-1"]
[WhiteElo "1593"]
[BlackElo "1577"]
[PlyCount "74"]
[EventDate "2019.11.01"]
[EventType "swiss"]
[EventRounds "5"]
[EventCountry "CAN"]

1. e4 Nf6 2. e5 Nd5 3. d4 d6 4. Nf3 Bg4 5. Be2 e6 6. exd6 Bxd6 7. O-O O-O 8. c4
Nf4 9. Bxf4 Bxf4 10. d5 Qf6 11. dxe6 Bxe6 12. Qc2 Nc6 13. Qc3 Qh6 14. Nbd2 Rfe8
15. Rfe1 Rad8 16. Rad1 Ne5 17. g3 Bxd2 18. Nxd2 Bh3 19. Nf3 Rxd1 20. Bxd1 Nxf3+
21. Bxf3 Rxe1+ 22. Qxe1 Qe6 23. Qxe6 Bxe6 24. Bxb7 Bxc4 25. a3 Bb3 26. f4 Kf8
27. Kf2 Ke7 28. Ke3 Kd6 29. Kd4 a5 30. Ba6 f6 31. Bc4 c5+ 32. Kc3 Bd1 33. Bg8
h6 34. Kc4 a4 35. Kc3 g5 36. fxg5 hxg5 37. Kc4 Bb3+ 0-1

[Event "Contrecoeur op U1600"]
[Site "Contrecoeur CAN"]
[Date "2019.11.03"]
[Round "5.3"]
[White "Bergeron, Jean-Guy"]
[Black "Despres, Alain"]
[Result "1-0"]
[WhiteElo "1461"]
[BlackElo "1455"]
[PlyCount "65"]
[EventDate "2019.11.01"]
[EventType "swiss"]
[EventRounds "5"]
[EventCountry "CAN"]

1. c4 c6 2. d4 d5 3. cxd5 cxd5 4. Nc3 Nf6 5. g3 e6 6. Bg5 Be7 7. Nf3 O-O 8. Bg2
Nbd7 9. O-O b6 10. Bf4 a6 11. Ne5 Nxe5 12. Bxe5 Bb7 13. Re1 Rc8 14. e4 dxe4 15.
Nxe4 Bxe4 16. Bxe4 Nxe4 17. Rxe4 Qd5 18. Rg4 f6 19. Bf4 g5 20. Qd3 Qf5 21. Qd1
h5 22. Rxg5+ fxg5 23. Be3 g4 24. Qb3 b5 25. Rd1 Rfd8 26. Re1 Qd5 27. Qd3 Kg7
28. Qd2 Rh8 29. Bf4 Bf6 30. Be5 h4 31. Qg5+ Kh7 32. Qxf6 Qd7 33. Qxh4+ 1-0

[Event "Contrecoeur op U1600"]
[Site "Contrecoeur CAN"]
[Date "2019.11.03"]
[Round "5.4"]
[White "Forgues, Eric"]
[Black "Pinsonneault, Marc"]
[Result "1-0"]
[WhiteElo "1595"]
[BlackElo "1492"]
[PlyCount "51"]
[EventDate "2019.11.01"]
[EventType "swiss"]
[EventRounds "5"]
[EventCountry "CAN"]

1. e4 c5 2. Nf3 e6 3. d4 cxd4 4. Nxd4 Nc6 5. Nxc6 bxc6 6. Bd3 Nf6 7. b3 Be7 8.
O-O e5 9. Bb2 d6 10. h3 O-O 11. c4 Qc7 12. Nc3 Bb7 13. Rc1 Rac8 14. Qe2 Qb8 15.
Bb1 Rcd8 16. Rcd1 Rfe8 17. Qf3 Bf8 18. Rfe1 Qa8 19. Rd2 d5 20. exd5 cxd5 21.
cxd5 Bb4 22. Ne4 Nxd5 23. Rxd5 Bxd5 24. Nf6+ gxf6 25. Qg4+ Kh8 26. Qh5 1-0